000
00303nam a22001217a 4500
008
181017b xxu||||| |||| 00| 0 eng d
041
_a
eng
080
_2
9 ED
_a
510
100
_a
37
101
_a
MAT
245
_a
Calculus For Business And Social Life Sciences
_c
Hoffman.L.D
942
_2
udc
_c
BK
999
_c
50002
_d
50002